000 02415cam a2200361 a 4500
999 _c436
_d436
001 17041197
003 OSt
005 20190814144750.0
008 111109s2012 nyua b 001 0 eng
010 _a 2011046098
020 _a9780521149846
040 _aDLC
_cDLC
_dDLC
042 _apcc
082 0 0 _a418.007 DAL
_223
100 1 _aDale, Liz.
_eauthor
245 1 0 _aCLIL activities :
_ba resource for subject and language teachers /
_cLiz Dale, Rosie Tanner ; consultant and editor, Scott Thornbury.
260 _aNew York ;
_aCambridge :
_bCambridge University Press,
_c2012.
300 _a284 p. :
_bill. ;
_c25 cm. +
_e1 CD-ROM (4 3/4 in.).
490 0 _aCambridge handbooks for language teachers
504 _aIncludes bibliographical references (p. 271-273) and index.
520 _a"Innovative activities for Content and Language Integrated Learning (CLIL) teachers and trainee teachers. CLIL Activities is organised into five chapters: Activating, Guiding understanding, Focus on language, Focus on speaking and Focus on writing. A further chapter provides practical ideas for assessment, review and feedback. The Background to CLIL section offers a clear explanation of what CLIL is and its benefits and challenges. The book contains a wide range of easily accessible activities that can be used in any order. Dedicated subject pages include annotated extracts from authentic school teaching materials, demonstrating how language is used in particular school subjects, such as geography, science, maths and ICT. The accompanying CD-ROM contains print-ready CLIL activities"--
_cProvided by publisher.
650 0 _aLanguage and languages
_xStudy and teaching.
650 0 _aLanguage arts
_xCorrelation with content subjects.
650 7 _aFOREIGN LANGUAGE STUDY / English as a Second Language
_2bisacsh.
700 1 _aTanner, Rosie.
_eauthor
700 1 _aThornbury, Scott
_eConsultant & Editor
856 4 2 _3Cover image
_uhttp://assets.cambridge.org/97805211/49846/cover/9780521149846.jpg
856 4 2 _3Publisher description
_uhttp://www.loc.gov/catdir/enhancements/fy1205/2011046098-d.html
856 4 1 _3Table of contents only
_uhttp://www.loc.gov/catdir/enhancements/fy1208/2011046098-t.html
906 _a7
_bcbc
_corignew
_d1
_eecip
_f20
_gy-gencatlg
942 _2ddc
_cREF